Los medios de vida de los refugiados: nuevos agetes nuevos modelos/
La comunidad internacional hace cada vez más hincapié en la necesidad de cerrar la brecha entre la ayuda humanitaria y la ayuda al desarrollo. Pero, ¿qué significa esto sobre el terreno en lo que respecta a los medios de vida de los refugiados y a su inclusión económica. Examina los cambios y las te...
Guardado en:
| Hovedforfatter: | |
|---|---|
| Format: | Bog |
| Sprog: | Spanish |
| Udgivet: |
Alicante, España:
RMF
2018
|
| Fag: | |
| Tags: |
Tilføj Tag
Ingen Tags, Vær først til at tagge denne postø!
|
MARC
| LEADER | 00000nam a22000007a 4500 | ||
|---|---|---|---|
| 003 | cru CIDCACS/IIS | ||
| 005 | 20230902212734.0 | ||
| 008 | 230829b2018 es ||||| |||| 00| 0 spa d | ||
| 022 | |a 1460-9819 | ||
| 040 | |a cru CIDCACS/IIS |c cru CIDCACS/IIS | ||
| 100 | 1 | |9 11685 |a Mottaghi, Lili | |
| 245 | 1 | 4 | |a Los medios de vida de los refugiados: |b nuevos agetes nuevos modelos/ |c Ziad Ayoubi y Regina Saavedra |
| 260 | |a Alicante, España: |b RMF |c 2018 | ||
| 300 | |a 39-42 páginas | ||
| 520 | |a La comunidad internacional hace cada vez más hincapié en la necesidad de cerrar la brecha entre la ayuda humanitaria y la ayuda al desarrollo. Pero, ¿qué significa esto sobre el terreno en lo que respecta a los medios de vida de los refugiados y a su inclusión económica. Examina los cambios y las tendencias emergentes en los medios de vida de los refugiados. Se analiza cómo los refugiados están adoptando nuevos roles y actores en la generación de ingresos y la búsqueda de oportunidades económicas, y cómo esto está dando lugar a nuevos modelos de medios de vida. El artículo también destaca la importancia de apoyar y fortalecer los medios de vida de los refugiados para promover su autosuficiencia y contribución a las comunidades de acogida. RAR 03/2023 | ||
| 650 | 0 | |9 36 |a MIGRANTES | |
| 650 | 0 | |9 2860 |a REFUGIADOS | |
| 650 | 0 | |9 10568 |a COMPETENCIAS | |
| 650 | 0 | |9 3413 |a CAPITAL HUMANO | |
| 650 | 0 | |9 7737 |a CREACION DE EMPLEOS | |
| 773 | 0 | |0 19267 |9 2442 |a Centro de Estudios sobre Refugiados |d Universidad de Oxford ; Centro de Estudios sobre Refugiados |o 18968 |t Migraciones Forzadas: |x 14609819 | |
| 942 | |2 z |c PP | ||
| 999 | |c 45224 |d 45224 | ||
